000 02138nam a22002537a 4500
999 _c7941
_d7941
003 AR-CdUCM
008 190321b ||||| |||| 00| 0 spa d
040 _aMUNICIPALIDAD PROVINCIAL DEL CUSCO
_cBIBLIOTECA MUNICIPAL DEL CUSCO
082 _a985.008 /
_bC73
100 _aComisión nacional del Sesquicentenario de la Independencia del Perú
_922439
245 _aLa Marina 1780-1822 /
260 _aLima :
_bComisión nacional del Sesquicentenario de la Independencia del Perú,
_c1971.
300 _a4 volúmenes ;
_c24 cm.
440 _aColección documental de la independencia del Perú.
_921856
505 _aContenido: V.1 Miembros del gobierno revolucionario de la fuerza armada - Comisión nacional del sesquicentenario de la independencia del Perú - 1753-1771 construcción naval, Cartografía marítima - Cartografía general. Guía para la investigación general, 1791-1794 - Antiguo mercurio peruano - Comercio. Expedición malaspina. Biblioteca del museo naval de Madrid -- V.2 Diversos datos enviados de los buques patriotas del gobierno de Buenos Aires - Comentarios sobre la expedicion de Comodoro Brown - Movimientos de naves en el Callao - Combate cerca de las islas Chincha - Rebelión en el corsario "Chacabuco" - Ataque sufrido en el Callao el 28 de febrero de 1819 - Proclama del general San Martín a los limeños y a los habitantes de todo el Perú -- V.3 Documentos inéditos de Trujillo y Lambayeque - Medidas militares para la defensa de los puertos Malabrigo - Gobierno e intendencia de Trujillo año 1818 - El desembarco de Cochrane en Santa y sus efectos en Trujillo -- V.4 De Lardizabal al Virrey del Perú, Madrid, 3 setiembre 1814 - De san Martín a Bowles, Santiago de Chile, 22 de febrero de 1817 - De Redhead a W. Bowles. Salta, 16 de mayo 1817.
650 _aPerú colecciones
_921842
650 _aMarina peruana
_922440
650 _aIndependencia
_9625
650 _aConstrucción naval
_922441
700 _aCap. de Navio AP. Elias, J. Julio (edición, prólogo y compilación)
_922442
700 _aDenegri Luna, Felix (edición, prólogo)
_922443
942 _2ddc
_cLIBROS
945 _adavv